000 00543nam a2200217Ia 4500
003 OSt
005 20220928151058.0
006 a|||||r|||| 00| 0
007 ta
008 220927b |||||||| |||| 00| 0 eng d
024 _a112179
037 _cTextual
040 _aSDCL
_cSDCL
_beng
041 _2eng
_aeng
082 _aO-,N:g, M6
100 _aEagleton Terry
_9373655
245 0 _aAgainst the grain
_b Essays 1975-1985.
260 _c1986
942 _hO-,N:g, M6
_cTEXL
_2CC
999 _c848919
_d848919